000 00516cam a22001577a 4500
001 002111
003 armpunfd
005 20140612090659.0
008 070913e0####xx#a##########000#0#und#d
040 _aarmpunfd
_carmpunfd
080 _a342.392 P 414
245 1 0 _aUniversidad y dictadura : derecho entre la liberacion y el orden (1973/83)
260 _a Uenos Aires : Centro Cultural De La Cooperacion Floreal Gorini
_b2006. Isbn : 987-22918-1-0. 170 P.
942 _cLB
_2cdu
945 _aCatalis
_d2010-08-19
999 _c2102
_d232606